000 00952nam a2200253 i 4500
001 87432
003 ES-MaACL
005 20250727062602.0
007 t|
008 041221s1976 sp ||||1| spa d
100 1 _aKolakowski, Leszek.
_968507
245 1 3 _aEl mito de la autoidentidad humana
_b: la unidad de la sociedad civil y la sociedad política /
_cLeszek Kolakowski, Stuart Hampshire ; versión de Juan Alvarez.
260 _aValencia :
_bUniversidad de Valencia, Departamento de Lógica y Filosofía de la Ciencia,
_c1976.
300 _a44 p. ;
_c22 cm.
490 1 _aTeorema ;
_v9
650 0 7 _aSocialismo
_2embne
_917147
650 0 4 _aMarxismo.
_914803
700 1 _aHampshire, Stuart.
_961701
700 1 _aAlvarez, Juan.
_920653
710 2 _aUniversidad de Valencia.
_bDepartamento de Lógica y Filosofía de la Ciencia.
_97323
830 0 _aTeorema ;
_v9
_9181356
852 _aES-MaACL
_j2101-F-25
999 _c87432
_d87432